000 00533nam a22001697a 4500
005 20251108171118.0
008 250721s1995 xx 000 0 ara d
082 1 4 _a201/محم
100 1 _aالخشت، محمد عثمان
245 1 0 _aالأديان :
_bتأويل نقدي لفلسفة الدين عند هيجل /
264 1 _aالقاهرة :
_bدار غريب للنشر و التوزيع،
_c1995.
300 _a184ص.
650 1 7 _aالديانات
650 1 7 _aالفلسفة
942 _2ddc
_cBK
999 _c56928
_d56928